|
|
|
|
| LEADER |
00000nam a22000007a 4500 |
| 005 |
20190829020549.0 |
| 007 |
cr|||| |||| |
| 008 |
190829s2019 es |||||s|||| 00||0 spa d |
| 020 |
|
|
|a 978-84-1324-170-8
|
| 035 |
|
|
|a 24155
|
| 040 |
|
|
|a vLex
|
| 090 |
|
|
|c 9324
|d 9324
|
| 100 |
1 |
|
|a Villegas Fernǹdez, Jess︢ Manuel
|
| 245 |
1 |
0 |
|a Libro blanco para la despolitizacin̤ de la justicia espaǫla
|h [Recurso electrn̤ico] :
|b Propuesta de la Plataforma Cv̕ica por la Independencia Judicial /
|c Jess︢ Manuel Villegas Fernǹdez
|
| 256 |
|
|
|a Servicio en ln̕ea
|
| 260 |
|
|
|a Madrid:
|b Dykinson,
|c 2019
|
| 300 |
|
|
|a 1 recurso electrn̤ico
|
| 500 |
|
|
|a La “politizacin̤” de la Justicia no es un mal menor, inevitable consecuencia del funcionamiento del sistema constitucional. Al contrario, es una forma de corrupcin̤, no econm̤ica sino jurd̕ica. La “corrupcin̤ jurd̕ica” mina la separacin̤ de poderes y, sobre todo, la confianza del pueblo espaǫl en sus jueces.
|
| 506 |
1 |
|
|a Disponible solo en los productos indicados
|d vLex Global
|d vLex Global (Academic Edition, excluding Law Schools)
|d vLex Global (U.S. Academic Edition, Law Schools)
|d vLex Global (U.S. Academic Edition, excluding Law Schools)
|d vLex Global (Academic Edition, Law Schools)
|
| 650 |
0 |
4 |
|a Derecho Penal
|z Espaą
|
| 650 |
0 |
4 |
|a Derecho Procesal
|z Espaą
|
| 740 |
0 |
|
|a vLex Libros (Servicio en ln̕ea)
|
| 856 |
4 |
0 |
|u http://vlex.com/source/libro-blanco-para-la-despolitizacion-de-la-justicia-espa-ola-propuesta-de-la-plataforma-civica-por-la-independencia-judicial-24155
|z Acceso restringido
|
| 942 |
|
|
|c BOOK
|
| 999 |
0 |
|
|a Criminal Law
|
| 999 |
0 |
|
|a Procedural Law
|